| 000 | 01320pam a2200241 4500 | ||
|---|---|---|---|
| 003 | IeDuTC | ||
| 005 | 20181127185609.0 | ||
| 008 | 980511s1998 enka 001 0 eng | ||
| 010 | _a 9700028300 | ||
| 020 |
_a9780071152471 _c |
||
| 082 | 0 | 4 |
_a621.4021 _221 |
| 100 | 1 | _aCengel, Yunus A. | |
| 245 | 1 | 0 |
_aThermodynamics : _ban engineering approach / _cYunus A. Cengel, Michael A. Boles. |
| 250 | _a3rd ed. | ||
| 260 |
_aBoston ; _aLondon : _bMcGraw Hill, _cc1998. |
||
| 300 |
_axxxix,1010p. : _bill. (some col.) ; _c25cm+ _e1 computer disk + 3.5"". |
||
| 500 | _aIncludes index. | ||
| 500 | _aPrevious ed.: 1994. | ||
| 505 |
_aCONTENTS : Basic concepts of thermodynamics; properties of pure substances; the first law of thermodynamics - closed systems, control volumes; the second law of thermodynamics; entropy - a measure of disorder; energy - a measure of work potential; gas power cycles; vapour and combined power cycles; refrigeration cycles; thermodynamics property; gas mixtures; gas vapour mixtures and air conditioning; chemical reactions; chemical and phase equilibrium; thermodynamics of high- speed fluid flow; property tables and charts (SI units, English units); about the software. _g _r _t |
||
| 650 | 0 | _aThermodynamics. | |
| 700 | 1 | _aBoles, Michael A. | |
| 999 |
_c7174 _d7174 |
||